[Event "Najdorf Memorial"]
[Site "Warsaw POL"]
[Date "2015.07.13"]
[Round "4.17"]
[White "Macieja, Bartlomiej"]
[Black "Adamski, Jan"]
[Result "1-0"]
[WhiteElo "2586"]
[BlackElo "2293"]
[Annotator ""]
[Source ""]
[Remark ""]

1.d4 Nf6 2.c4 e6 3.Nc3 Bb4 4.e3 c5 5.Nge2 d5 6.a3 Bxc3+ 7.Nxc3
cxd4 8.exd4 dxc4 9.Bxc4 Nc6 10.Be3 O-O 11.O-O h6 12.Rc1 b6 13.Qf3
Bb7 14.Qg3 Ne7 15.Bd3 Kh8 16.Qh3 Kg8 17.Rfe1 Re8 18.Rcd1 Ng6
19.Bxg6 fxg6 20.Bf4 Nd5 21.Be5 Nxc3 22.bxc3 Qg5 23.c4 Rac8 24.Rc1
Kh7 25.Rc3 Rf8 26.f4 Qf5 27.Qxf5 gxf5 28.Rec1 Rc6 29.h4 Rfc8
30.c5 bxc5 31.dxc5 Ra6 32.Rg3 Rg8 33.Rb1 Bd5 34.Rb8 g5 35.hxg5
Rxb8 36.g6+ Kg8 37.Bxb8 Ra5 38.Rc3 Rb5 39.Be5 Bc6 40.Rd3 Bd5
41.Rh3 1-0

[Event "Najdorf Memorial"]
[Site "Warsaw POL"]
[Date "2015.07.13"]
[Round "4.18"]
[White "Reza, Wojciech"]
[Black "Socko, Monika"]
[Result "1/2-1/2"]
[WhiteElo "2212"]
[BlackElo "2472"]
[Annotator ""]
[Source ""]
[Remark ""]

1.d4 e6 2.c4 b6 3.Nc3 Bb7 4.a3 f5 5.Nh3 Nf6 6.d5 Bd6 7.Bf4 e5
8.Bg3 O-O 9.e3 a5 10.Bd3 g6 11.f3 Na6 12.Bc2 Qe7 13.O-O c6 14.e4
f4 15.Bf2 Bc5 16.Na4 Bxf2+ 17.Nxf2 b5 18.cxb5 cxb5 19.Nb6 Rab8
20.d6 Qd8 21.Bb3+ Kg7 22.Nd5 a4 23.Ba2 Bxd5 24.Bxd5 Rb6 25.Ba2
Qb8 26.Qe2 Rxd6 27.Rfd1 Rxd1+ 28.Rxd1 d6 29.g3 fxg3 30.hxg3 Nc5
31.Kg2 b4 32.axb4 Qxb4 33.Rxd6 Nb3 34.Qa6 Rf7 35.Qb6 Qc4 36.Bxb3 1/2-1/2

[Event "Najdorf Memorial"]
[Site "Warsaw POL"]
[Date "2015.07.13"]
[Round "4.19"]
[White "Drozdowski, Kacper"]
[Black "Teclaf, Pawel"]
[Result "1-0"]
[WhiteElo "2468"]
[BlackElo "2235"]
[Annotator ""]
[Source ""]
[Remark ""]

1.c4 b6 2.Nc3 Bb7 3.e4 e6 4.Nf3 Bb4 5.Qc2 Ne7 6.d4 O-O 7.Bd3
d6 8.O-O Bxc3 9.Qxc3 Nd7 10.Bg5 h6 11.Bh4 g5 12.Nxg5 Ng6 13.Nxe6
Qxh4 14.Nxf8 Rxf8 15.g3 Qh3 16.f3 f5 17.Qd2 Nf6 18.exf5 Nh4 19.d5
Nxf5 20.Bxf5 Qxf5 21.Qxh6 c6 22.Rae1 cxd5 23.Re7 Rf7 24.g4 Qh7
25.Qxh7+ Nxh7 26.Rxf7 Kxf7 27.cxd5 Bxd5 28.h4 Nf6 29.Kf2 Be6
30.h5 Kg7 31.Rd1 d5 32.Kg3 Nd7 33.f4 Nf6 34.f5 Bf7 35.Kf4 a6
36.h6+ Kxh6 37.g5+ Kg7 38.gxf6+ Kxf6 39.a3 a5 40.Rh1 1-0

[Event "Najdorf Memorial"]
[Site "Warsaw POL"]
[Date "2015.07.13"]
[Round "4.20"]
[White "Paszewski, Mateusz"]
[Black "Vydeslaver, Alik"]
[Result "1/2-1/2"]
[WhiteElo "2252"]
[BlackElo "2398"]
[Annotator ""]
[Source ""]
[Remark ""]

1.c4 e5 2.g3 Nf6 3.Bg2 c6 4.d4 Bb4+ 5.Bd2 Bxd2+ 6.Qxd2 d6 7.Nc3
O-O 8.e3 Be6 9.Rd1 exd4 10.Qxd4 Qa5 11.Nge2 Nbd7 12.b3 d5 13.cxd5
Nxd5 14.Bxd5 Bxd5 15.b4 Qa3 16.Nxd5 cxd5 17.Rd2 Nf6 18.O-O Rfc8
19.Rfd1 h6 20.Qb2 Qxb2 21.Rxb2 Rc4 22.Rd3 a6 23.Nc3 Rd8 24.a3
Kf8 25.Rbd2 Rxc3 26.Rxc3 Ne4 27.Rdc2 Nxc3 28.Rxc3 d4 29.Rd3 Ke7
30.exd4 Rc8 31.Kf1 Rc2 32.Kg2 Kd6 33.Kf3 Kd5 1/2-1/2

[Event "Najdorf Memorial"]
[Site "Warsaw POL"]
[Date "2015.07.13"]
[Round "4.21"]
[White "Johannesson, Ingvar Thor"]
[Black "Nguyen, Piotr"]
[Result "1/2-1/2"]
[WhiteElo "2372"]
[BlackElo "2273"]
[Annotator ""]
[Source ""]
[Remark ""]

1.d4 f5 2.c4 Nf6 3.Nc3 d6 4.Nf3 g6 5.g3 Bg7 6.Bg2 O-O 7.O-O Qe8
8.d5 a5 9.Nd4 Na6 10.Rb1 Bd7 11.b3 c6 12.Bb2 Nc5 13.e3 Rc8 14.Qe2
Qf7 15.Rfd1 Nce4 16.dxc6 bxc6 17.Na4 Rb8 18.c5 e5 19.Nc2 Nd5 1/2-1/2

[Event "Najdorf Memorial"]
[Site "Warsaw POL"]
[Date "2015.07.13"]
[Round "4.22"]
[White "Dabrowska, Krystyna"]
[Black "Hnydiuk, Aleksander"]
[Result "0-1"]
[WhiteElo "2208"]
[BlackElo "2370"]
[Annotator ""]
[Source ""]
[Remark ""]

1.e4 c5 2.Nf3 Nc6 3.d4 cxd4 4.Nxd4 e6 5.Nc3 a6 6.g3 d6 7.Bg2
Bd7 8.O-O Nf6 9.Re1 Be7 10.h3 O-O 11.Be3 Rc8 12.Qe2 b5 13.a3
Ne5 14.Rad1 Qc7 15.Bc1 Qc4 16.Qe3 Qc5 17.Nde2 Qxe3 18.Bxe3 a5
19.Bc1 b4 20.axb4 axb4 21.Na2 Rxc2 22.Nxb4 Rc4 23.Nd3 Nxd3 24.Rxd3
Nxe4 25.Rd4 Rxd4 26.Nxd4 f5 27.Bxe4 fxe4 28.Rxe4 e5 29.h4 Rc8
30.Ne2 Rc2 31.Bg5 Bc6 32.Re3 Rxb2 33.g4 Bxg5 34.hxg5 Kf7 35.Ng3
Kg6 36.Nf5 Kxg5 37.Nxd6 Rb1+ 38.Kh2 Kf4 0-1

[Event "Najdorf Memorial"]
[Site "Warsaw POL"]
[Date "2015.07.13"]
[Round "4.23"]
[White "Nasuta, Grzegorz"]
[Black "Jakubiec, Edyta"]
[Result "1-0"]
[WhiteElo "2365"]
[BlackElo "2212"]
[Annotator ""]
[Source ""]
[Remark ""]

1.e4 e6 2.d4 d5 3.Nc3 Bb4 4.e5 c5 5.a3 Bxc3+ 6.bxc3 Qc7 7.Qg4
Ne7 8.Qxg7 Rg8 9.Qxh7 cxd4 10.Ne2 dxc3 11.f4 Nbc6 12.h4 Bd7 13.h5
O-O-O 14.Qd3 d4 15.h6 Kb8 16.h7 Rh8 17.g4 Na5 18.Nxd4 Bc6 19.Rh2
Bd5 20.Nb5 Qc6 21.Qxc3 Nc4 22.Bxc4 Bxc4 23.Nd6 b5 24.Rb1 Ka8
25.a4 Nd5 26.Qd4 Ba2 27.Ra1 Nc3 28.Bd2 1-0

[Event "Najdorf Memorial"]
[Site "Warsaw POL"]
[Date "2015.07.13"]
[Round "4.24"]
[White "Kowalski, Igor"]
[Black "Przedmojski, Rafal"]
[Result "1/2-1/2"]
[WhiteElo "2146"]
[BlackElo "2362"]
[Annotator ""]
[Source ""]
[Remark ""]

1.d4 f5 2.g4 d5 3.g5 e6 4.f4 c5 5.c3 b6 6.Nf3 Ne7 7.e3 Nec6 8.Nbd2
Bd6 9.b3 cxd4 10.cxd4 Ba6 11.Bxa6 Nxa6 12.a3 O-O 13.Bb2 Qe7 14.Qe2
Qb7 15.Rc1 Rfc8 16.Kf2 Ne7 17.h4 Rxc1 18.Rxc1 Rc8 19.Qd1 Nb8
20.Nb1 Nbc6 21.Nc3 Na5 22.Nb5 Rxc1 23.Bxc1 Qc6 24.Nxd6 Qxd6 25.Qd3
Nec6 26.Qb5 Qd7 27.Bd2 Nb7 28.Bb4 Ne5 29.Qxd7 Nxd7 30.a4 Nd8
31.Bd6 Nb7 32.Bb4 g6 33.Ke2 Kf7 34.Kd3 Ke8 35.Ng1 Nb8 36.Ne2
Na6 37.Kc3 Nd8 38.Ng3 Nc6 39.Ba3 Kf7 40.Nf1 Nc7 41.Bd6 Na8 42.b4
a6 43.b5 axb5 44.axb5 Na5 45.Nd2 Ke8 46.Kb4 Kd7 47.Be5 Kc8 48.Ka4
Kd7 49.Kb4 1/2-1/2

[Event "Najdorf Memorial"]
[Site "Warsaw POL"]
[Date "2015.07.13"]
[Round "4.25"]
[White "Bilguun, Sumiya"]
[Black "Chomczyk, Marek"]
[Result "1-0"]
[WhiteElo "2361"]
[BlackElo "2165"]
[Annotator ""]
[Source ""]
[Remark ""]

1.e4 c5 2.Nf3 d6 3.d4 cxd4 4.Nxd4 Nf6 5.Nc3 a6 6.f3 e5 7.Nb3
Be6 8.Be3 Be7 9.Qd2 O-O 10.O-O-O Nbd7 11.g4 b5 12.g5 b4 13.Ne2
Ne8 14.f4 a5 15.f5 a4 16.Nbd4 exd4 17.Nxd4 b3 18.Kb1 bxc2+ 19.Nxc2
Bb3 20.axb3 axb3 21.Na3 Ne5 22.Qg2 Kh8 23.Rg1 Nc7 24.Bd4 Qb8
25.Qh3 Qb7 26.f6 gxf6 27.gxf6 Bxf6 28.Qh6 Qxe4+ 29.Bd3 Qh4 30.Qxh4
Bxh4 31.Bc4 Rab8 32.Rgf1 f5 33.Bc3 Be7 34.Rde1 Bf6 35.Rxf5 Ng4
36.Ref1 Ne8 37.Bb5 d5 38.Bxe8 Rbxe8 39.h3 d4 40.Bxd4 Kg7 41.Bc5
Ne3 42.Bxf8+ Rxf8 43.Rg1+ Kh6 44.Rf3 Nd5 45.Rd1 Re8 46.Rxb3 1-0

[Event "Najdorf Memorial"]
[Site "Warsaw POL"]
[Date "2015.07.13"]
[Round "4.26"]
[White "Woloch, Oskar"]
[Black "Bartel, Michal"]
[Result "1/2-1/2"]
[WhiteElo "2108"]
[BlackElo "2331"]
[Annotator ""]
[Source ""]
[Remark ""]

1.e4 e5 2.Nf3 Nc6 3.c3 Nf6 4.d4 Nxe4 5.d5 Nb8 6.Nxe5 Nf6 7.Be2
d6 8.Nf3 Be7 9.O-O O-O 10.h3 Re8 11.Be3 Nbd7 12.c4 Ne4 13.Qc2
Ndc5 14.b4 Bf6 15.Nd4 Ng3 16.Rd1 Bxd4 17.Rxd4 Bf5 18.Qd1 Rxe3
19.fxe3 Qe7 20.Qd2 Nce4 21.Qe1 Qg5 22.Bf3 Re8 23.Nd2 Nf6 24.Qf2
Bxh3 25.Kh2 Nf5 26.gxh3 Nxd4 27.exd4 Qf4+ 28.Kh1 Re3 29.Re1 Rxe1+
30.Qxe1 Qxd4 31.Qe2 Kf8 32.Kg2 Qb2 33.Nb3 Qc3 34.c5 Qxb4 35.cxd6
Qxd6 36.Qb5 b6 37.Nd4 g6 38.Qc4 Qe5 39.h4 a6 40.Ne2 a5 41.a4
h5 42.Qd4 Nd7 43.Qxe5 Nxe5 1/2-1/2

[Event "Najdorf Memorial"]
[Site "Warsaw POL"]
[Date "2015.07.13"]
[Round "4.27"]
[White "Cukrowski, Filip"]
[Black "Snihur, Piotr"]
[Result "0-1"]
[WhiteElo "2330"]
[BlackElo "2124"]
[Annotator ""]
[Source ""]
[Remark ""]

1.e4 c5 2.Nf3 e6 3.d4 cxd4 4.Nxd4 Nc6 5.Nc3 Qc7 6.Be3 a6 7.Qd2
Nf6 8.O-O-O Bb4 9.f3 d5 10.a3 Bd6 11.exd5 Nxd5 12.Nxd5 exd5 13.h4
O-O 14.Kb1 Re8 15.Bd3 Ne5 16.Rhe1 Bd7 17.f4 Ng4 18.g3 Nxe3 19.Rxe3
Bc5 20.c3 Rxe3 21.Qxe3 Rd8 22.Bc2 Bg4 23.Re1 Qb6 24.Ka1 Bf8 25.f5
Qf6 26.Qd3 Bc5 27.Nb3 Bf8 28.Qd2 h5 29.Qd3 Rc8 30.Nd4 Bc5 31.Kb1
Rd8 32.Nb3 Bf8 33.Nd4 Bc5 34.Nb3 Bf8 35.Ka2 b5 36.Qe3 Bxf5 37.Bxf5
Qxf5 38.Qb6 Qc8 39.Re5 g6 40.Qe3 Qc4 41.Qb6 Qc8 42.Qe3 Bg7 43.Re7
Bf6 44.Ra7 Rd6 45.Qf4 Qe6 46.Nd4 Qe5 47.Qh6 Qe8 48.Qf4 Qe5 49.Qh6
Qe8 50.Qf4 Qd8 51.Nf3 Qb6 52.Rb7 Qxb7 53.Qxd6 Be7 54.Qe5 Qd7
55.Qb8+ Kg7 56.Qf4 Qd6 57.Qd4+ Bf6 58.Qf2 Qc7 59.Kb1 Qc4 60.Nd4
Qd3+ 61.Ka2 Be5 62.Nf3 Bd6 63.Ng5 Qf5 64.Qd4+ Be5 65.Qe3 Bf6
66.Nf3 Qe4 67.Qf2 Be7 68.Nd2 Qd3 69.Nf3 Bd6 70.Ng5 Qf5 71.Qd4+
Qf6 72.Qe3 Be5 73.Qe1 Qd6 74.Qf2 Qc7 75.Qf3 Bxg3 76.Qe3 Be5 77.Nf3
Bf6 78.Nd4 Bxh4 79.Ne2 Bf6 80.Nf4 Qe5 81.Qf3 d4 82.cxd4 Qxd4
83.Nd3 h4 84.Qh3 g5 85.Qf5 Qc4+ 86.Kb1 Qe6 87.Qf3 Be7 88.Nf2
f5 89.Qc3+ Qf6 90.Qd2 g4 91.Nd3 Bd6 92.Qg2 h3 93.Qb7+ Kh6 94.Qc6
Qd4 0-1

[Event "Najdorf Memorial"]
[Site "Warsaw POL"]
[Date "2015.07.13"]
[Round "4.28"]
[White "Neiksans, Arturs"]
[Black "Zujev, Oleg"]
[Result "1-0"]
[WhiteElo "2597"]
[BlackElo "2296"]
[Annotator ""]
[Source ""]
[Remark ""]

1.e4 c5 2.Nf3 e6 3.d4 cxd4 4.Nxd4 a6 5.c4 Nf6 6.Nc3 Qc7 7.a3
b6 8.Be3 Be7 9.Rc1 O-O 10.Be2 Bb7 11.f3 d6 12.O-O Nbd7 13.Qd2
Rac8 14.b4 Qb8 15.Rfd1 Bd8 16.Nb3 Bc7 17.Bf4 Ne5 18.Bxe5 dxe5
19.c5 bxc5 20.Nxc5 Rfd8 21.Qe1 Qa7 22.Kh1 Rd4 23.Qf1 Ra8 24.N3a4
Bc8 25.Nb3 Rxd1 26.Qxd1 Bd7 27.Nbc5 Bc8 28.g3 h5 29.h4 Qb8 30.Kg2
Bd6 31.Nb2 Be7 32.Nc4 Ne8 33.Qa4 Kf8 34.Qc6 Ra7 35.Nb6 Qc7 36.Qxc7
Rxc7 37.Nxc8 Rxc8 38.Nd7+ 1-0

[Event "Najdorf Memorial"]
[Site "Warsaw POL"]
[Date "2015.07.13"]
[Round "4.29"]
[White "Janik, Igor"]
[Black "Matuszewski, Michal"]
[Result "1/2-1/2"]
[WhiteElo "2261"]
[BlackElo "2471"]
[Annotator ""]
[Source ""]
[Remark ""]

1.e4 c5 2.Nf3 a6 3.c3 e6 4.d4 d5 5.exd5 exd5 6.Be2 Nc6 7.O-O
Bd6 8.dxc5 Bxc5 9.Bf4 Nf6 10.Nbd2 O-O 11.Nb3 Ba7 12.Nfd4 Ne4
13.Bf3 Qf6 14.Bxe4 Nxd4 15.Nxd4 dxe4 16.Be3 Qg6 17.f3 Re8 18.Qc2
Bd7 19.f4 Rac8 20.Qf2 Bb8 21.Rad1 f5 22.Rfe1 Qf7 23.a3 Ba4 24.Rd2
Red8 25.Qh4 Rd6 26.Qh3 Rf8 27.g3 Bc7 28.Qf1 Rfd8 29.Qf2 h6 30.Kh1
Bb6 31.Rg1 Kh7 32.h3 Qh5 33.Kh2 Kh8 34.Qe2 Qf7 35.g4 Bd7 36.Qg2
Bc8 37.Rf2 Rg8 38.Re2 Bxd4 39.cxd4 Rg6 40.g5 hxg5 41.fxg5 f4
42.Qf2 Rf8 43.Qh4+ Kg8 44.Rf2 Qd7 45.Bxf4 Qxd4 46.Qg3 Rb6 47.Rgg2
Qd5 48.Be3 Rb3 49.Rxf8+ Kxf8 50.Rf2+ Ke8 51.Qf4 Qf5 52.Qxf5 1/2-1/2

[Event "Najdorf Memorial"]
[Site "Warsaw POL"]
[Date "2015.07.13"]
[Round "4.30"]
[White "Deszczynski, Adam"]
[Black "Derakhshani, Dorsa"]
[Result "1-0"]
[WhiteElo "2356"]
[BlackElo "2280"]
[Annotator ""]
[Source ""]
[Remark ""]

1.e4 e5 2.Nf3 Nc6 3.Bb5 g6 4.c3 a6 5.Ba4 d6 6.d4 Bd7 7.O-O Bg7
8.Be3 Nge7 9.d5 Nb8 10.c4 O-O 11.Nc3 h6 12.Nd2 f5 13.f3 f4 14.Bf2
c5 15.dxc6 bxc6 16.Nb3 Be6 17.Qd3 Qc7 18.Rfd1 Rd8 19.Rac1 Bf7
20.Nc5 a5 21.Bb3 Bf6 22.N5a4 Ra6 23.Nb5 Qd7 24.Nxd6 Nc8 25.c5
Be6 26.Qc2 Kh7 27.Nxc8 Qxc8 28.Rd6 Rxd6 29.cxd6 Bxb3 30.Qxb3
Nd7 31.Qf7+ Bg7 32.Nc5 Nxc5 33.Bxc5 Qg8 34.Qe7 1-0

[Event "Najdorf Memorial"]
[Site "Warsaw POL"]
[Date "2015.07.13"]
[Round "4.31"]
[White "Stoma, Pawel"]
[Black "Grabinsky, Vladimir"]
[Result "1/2-1/2"]
[WhiteElo "2353"]
[BlackElo "2265"]
[Annotator ""]
[Source ""]
[Remark ""]

1.e4 e5 2.Nf3 Nf6 3.Nxe5 d6 4.Nf3 Nxe4 5.d3 Nf6 6.d4 d5 7.Bd3
Bg4 8.O-O Be7 9.Bg5 O-O 10.Nbd2 Re8 11.c3 Ne4 12.Bxe7 Rxe7 13.Qc2
Nxd2 14.Nxd2 g6 15.h3 Be2 16.Bxe2 Rxe2 17.Rae1 Rxe1 18.Rxe1 Nd7
19.Qb3 Nb6 20.Qb4 Qf8 21.Qa5 a6 22.Nf3 Re8 23.Rxe8 Qxe8 24.Qc5
Qd8 25.b3 f6 26.Ne1 c6 27.Qb4 Qc7 28.Qa5 Qe7 29.Nd3 Nc8 30.c4
dxc4 31.bxc4 Nd6 32.Qb4 Kf7 33.Qb3 Qe6 34.d5 cxd5 35.c5 Nf5 36.Qxb7+
Ne7 37.g3 Qc6 38.Qa7 d4 39.a3 Qb5 40.Nb4 d3 41.Nd5 Qb1+ 42.Kg2
Qe1 43.Nxe7 Qe4+ 44.Kg1 Qe1+ 45.Kg2 Qe4+ 46.Kg1 Qxe7 47.Qxe7+
Kxe7 48.Kf1 Kd7 49.Ke1 Kc6 50.Kd2 Kxc5 51.Kxd3 f5 52.h4 h6 53.f3
Kd5 54.Kc3 g5 55.hxg5 hxg5 56.Kd3 g4 57.f4 1/2-1/2

[Event "Najdorf Memorial"]
[Site "Warsaw POL"]
[Date "2015.07.13"]
[Round "4.32"]
[White "Polok, Kacper"]
[Black "Saatdjian, Thomas"]
[Result "1/2-1/2"]
[WhiteElo "2213"]
[BlackElo "2353"]
[Annotator ""]
[Source ""]
[Remark ""]

1.e4 e5 2.Nf3 Nc6 3.Bc4 Bc5 4.c3 Nf6 5.d3 d6 6.Nbd2 a6 7.Bb3
h6 8.Nf1 d5 9.Qe2 O-O 10.h3 dxe4 11.dxe4 Nh5 12.g3 Qd6 13.Ne3
Bxe3 14.Bxe3 Be6 15.Rd1 Qe7 16.Bd5 Nf6 17.b4 Rfd8 18.Qc4 Bxd5
19.exd5 Na7 20.Bc5 Qe8 21.Bxa7 Rxa7 22.O-O e4 23.Rfe1 Raa8 24.Nd2
Qb5 25.Qb3 Re8 26.c4 Qd7 27.Kh2 Re5 28.f3 Rae8 29.Nxe4 Nxe4 30.Rxe4
Rxe4 31.fxe4 Rxe4 32.Rd2 Qe7 33.c5 Qg5 34.Qd1 Re3 35.Qg4 Qxg4
36.hxg4 Kf8 37.d6 cxd6 38.Rxd6 a5 39.b5 Re5 40.Rd8+ Ke7 41.Rb8
Rxc5 42.Rxb7+ Ke6 43.Rb6+ Ke5 44.Rb7 Ke6 45.Rb6+ Ke5 1/2-1/2

[Event "Najdorf Memorial"]
[Site "Warsaw POL"]
[Date "2015.07.13"]
[Round "4.33"]
[White "Wisniowska, Klaudia"]
[Black "Lewtak, Damian"]
[Result "0-1"]
[WhiteElo "2186"]
[BlackElo "2341"]
[Annotator ""]
[Source ""]
[Remark ""]

1.e4 c5 2.Nf3 Nc6 3.d4 cxd4 4.Nxd4 Nf6 5.Nc3 d6 6.Bg5 e6 7.Qd2
a6 8.O-O-O Bd7 9.f3 Be7 10.h4 h6 11.Be3 h5 12.Kb1 Ne5 13.Qe1
Qc7 14.f4 Neg4 15.Bc1 b5 16.Bd3 b4 17.Nce2 Qc5 18.Rf1 a5 19.Qg3
a4 20.Nf3 e5 21.Qe1 O-O 22.Ng3 Rfb8 23.Qe2 Be6 24.b3 Qa5 25.Bb2
axb3 26.axb3 exf4 27.Nf5 Bxf5 28.exf5 Nd5 29.Kc1 Bf6 30.Nd4 Nc3 0-1

[Event "Najdorf Memorial"]
[Site "Warsaw POL"]
[Date "2015.07.13"]
[Round "4.34"]
[White "Karpus, Michal"]
[Black "Percivaldi, Martin"]
[Result "0-1"]
[WhiteElo "2114"]
[BlackElo "2310"]
[Annotator ""]
[Source ""]
[Remark ""]

1.e4 c5 2.Nf3 e6 3.d4 cxd4 4.Nxd4 a6 5.Nc3 b5 6.Bd3 Qb6 7.Nf3
Qc7 8.O-O Bb7 9.Re1 Be7 10.Bd2 Nc6 11.e5 f5 12.Bxf5 exf5 13.Nd5
Qd8 14.Be3 Nb4 15.Bb6 Nxd5 16.Bxd8 Rxd8 17.Qd4 Nh6 18.e6 O-O
19.Qa7 Bc6 20.Ne5 Ng4 21.Nxd7 Ra8 22.Qd4 Rfd8 23.c4 bxc4 24.Qxc4
Rac8 25.Rac1 Nb4 26.Nb6 Rb8 27.Red1 Ne5 28.Rxd8+ Rxd8 29.Qb3
Rd3 30.Rc3 Rd2 31.Nc4 Nxc4 32.Rxc4 h6 33.Rxc6 Nxc6 34.g4 fxg4
35.Qa4 Rd6 36.Qxa6 Rxe6 37.Qc4 Kf7 38.Qf4+ Bf6 39.Qxg4 Bxb2 40.Qh5+
Ke7 41.Qc5+ Rd6 42.a4 Bd4 43.Qa3 Kd7 44.a5 Rf6 45.a6 Rxf2 46.Kh1
Rf1+ 47.Kg2 Ra1 48.Qd3 Kc7 49.Qb5 Ra2+ 50.Kh1 Rb2 51.Qd5 Kb6
52.h4 Rb1+ 53.Kh2 Ra1 54.h5 Rxa6 55.Qb3+ Kc5 56.Qc2+ Kd6 57.Qg6+
Ke7 58.Qe4+ Be5+ 59.Kh1 Ra1+ 60.Kg2 Rc1 61.Qh4+ Kd6 62.Qf2 Rc3
63.Qf8+ Ke6 64.Qe8+ Ne7 65.Qa4 Rg3+ 66.Kf2 Rg5 67.Qa6+ Kf7 68.Qa2+
Kf6 69.Qa6+ Kf5 70.Qd3+ Ke6 71.Qc4+ Kd7 72.Qb5+ Nc6 73.Qd5+ Kc7
74.Qf3 Nd4 75.Qf7+ Kd6 76.Qf8+ Ke6 77.Qc8+ Kf7 78.Qd7+ Kf6 79.Qd8+
Kf5 80.Qd7+ Kf4 81.Qf7+ Kg4 82.Kg2 Kh4+ 83.Kh1 Rxh5 84.Qg6 Bf6
85.Kh2 Rg5 86.Qd3 Kh5 87.Kh1 Nf5 88.Qd7 Kg6 89.Qe8+ Kh7 90.Qe4
h5 91.Qd3 Kh6 92.Qa6 h4 93.Qc6 Rg3 94.Qc8 Kg6 95.Qe6 Re3 96.Qd7
h3 97.Qd1 Kg5 98.Qg1+ Rg3 99.Qc1+ Kg4 100.Qc8 Bd4 101.Qe6 Kf4
102.Kh2 Re3 103.Qg6 Rg3 104.Qe6 g5 105.Qf7 Rc3 106.Qa2 g4 107.Qd2+
Re3 108.Qa2 Kf3 109.Qd5+ Kf4 110.Qa2 Rf3 111.Qd2+ Be3 112.Qb4+
Kg5 113.Qb5 Rf2+ 114.Kh1 Rf1+ 115.Qxf1 Ng3+ 116.Kh2 Nxf1+ 117.Kh1
Nd2 0-1

[Event "Najdorf Memorial"]
[Site "Warsaw POL"]
[Date "2015.07.13"]
[Round "4.35"]
[White "Masse, Hugues"]
[Black "Bjornsson, Sigurbjorn"]
[Result "1-0"]
[WhiteElo "2222"]
[BlackElo "2327"]
[Annotator ""]
[Source ""]
[Remark ""]

1.d4 d5 2.c4 c6 3.Nf3 Nf6 4.e3 Bf5 5.Nc3 e6 6.Nh4 Bg6 7.Nxg6
hxg6 8.Be2 Nbd7 9.Qb3 Qb6 10.Bd2 dxc4 11.Bxc4 Bd6 12.h3 Qc7 13.O-O-O
b5 14.Be2 a5 15.Kb1 b4 16.Na4 O-O 17.Rc1 Rab8 18.Rc2 Ne4 19.Be1
Nb6 20.Bf3 Nxa4 21.Qxa4 Nf6 22.Rxc6 Qd8 23.Bd2 e5 24.dxe5 Bxe5
25.Rd1 Qe7 26.Qxa5 b3 27.a3 Rfd8 28.Rcc1 Bd6 29.Qa4 Qe6 30.Bc3
Qf5+ 31.Ka1 Qe6 32.Rd2 Rdc8 33.Rcd1 Be7 34.Rd3 Rb6 35.Bd4 Ra6
36.Qxb3 Rc4 37.Bxf6 Rb6 38.Bd5 Qxf6 39.Qxb6 Qxb6 40.Bxc4 Bf6
41.R1d2 Qc5 42.Bd5 Qb5 43.Ka2 Qa5 44.Bb3 Qa8 45.f3 Qa7 46.e4
Bg5 47.Rd7 Qg1 48.Rc2 1-0

[Event "MetLife Warsaw Najdorf Chess Festival  gr. A"]
[Site "Warszawa"]
[Date "2015.07.13"]
[Round "4.36"]
[White "Szostko, Jakub"]
[Black "Rozycki, Bartlomiej"]
[Result "0-1"]
[WhiteElo "2319"]
[BlackElo "2198"]
[Annotator ""]
[Source ""]
[Remark ""]

1.e4 c5 2.Nf3 d6 3.d4 cxd4 4.Nxd4 Nf6 5.Nc3 a6 6.Bg5 Nbd7 7.Qe2
Qc7 8.O-O-O e5 9.Nf5 h6 10.Bh4 g5 11.Bg3 Nb6 12.Qf3 Bxf5 13.Qxf5
Be7 14.h4 g4 15.f4 gxf3 16.gxf3 Qc8 17.Qxc8+ Rxc8 18.Bf2 Nbd7
19.h5 Rg8 20.Be3 Bf8 21.Bh3 Rc6 22.Rhg1 Rxg1 23.Bxg1 Nc5 24.Bf5
Rc7 25.Be3 Ne6 26.Ne2 d5 27.exd5 Nxd5 28.Bd2 Ne7 29.Bxe6 fxe6
30.Nc3 Nf5 31.Re1 Bg7 32.Re4 Kf7 33.a4 Ng3 34.Rh4 Nf5 35.Rb4
Nd4 36.f4 Bf8 37.Rb6 Bc5 38.a5 exf4 39.Kd1 Bxb6 40.axb6 Rd7 41.Bxf4
Nb5+ 42.Ke2 Nxc3+ 43.bxc3 Rd5 44.Bxh6 Rxh5 45.Bf4 e5 46.Be3 Ke6
47.c4 Kd6 48.Kd3 Rh8 49.Bd2 Rc8 50.Be3 Ke6 51.Bg5 Kf5 52.Be7
Rc6 53.c5 e4+ 54.Kd4 Kf4 55.Bf8 Kf3 56.Be7 e3 57.Bg5 e2 58.Bh4
Kg2 0-1

[Event "MetLife Warsaw Najdorf Chess Festival  gr. A"]
[Site "Warszawa"]
[Date "2015.07.13"]
[Round "4.37"]
[White "Warakomska, Anna"]
[Black "Kukula, Pawel"]
[Result "1-0"]
[WhiteElo "2274"]
[BlackElo "2211"]
[Annotator ""]
[Source ""]
[Remark ""]

1.e4 c5 2.Nf3 Nc6 3.Bb5 Nf6 4.Bxc6 dxc6 5.d3 Bg4 6.h3 Bh5 7.Bf4
c4 8.g4 Bg6 9.Qe2 e6 10.Nbd2 cxd3 11.cxd3 Be7 12.O-O-O a5 13.h4
h5 14.g5 Nd7 15.Nc4 O-O 16.Nce5 Nxe5 17.Bxe5 a4 18.Bc3 b5 19.Ne5
Rc8 20.f4 b4 21.Bd2 a3 22.Be3 axb2+ 23.Qxb2 b3 24.axb3 Qa5 25.Kc2
Rfd8 26.Rhf1 Bd6 27.Nc4 Qb5 28.Bd4 Bf8 29.Ra1 c5 30.Bc3 Qb7 31.Rae1
Ra8 32.Ne5 Bd6 33.Nc4 Bf8 34.Ra1 Rab8 35.Rfe1 Rbc8 36.Ra4 Ra8
37.Rxa8 Rxa8 38.Be5 Qc6 39.Ra1 Rd8 40.Qc3 Kh7 41.Ra7 Kg8 42.Bc7
Rc8 43.Ne5 Qe8 44.Nxg6 fxg6 45.Qa5 Kh7 46.Qa6 c4 47.bxc4 Bc5
48.Bb6 Qf8 49.Rc7 Rxc7 50.Bxc7 Be3 51.Bd6 Qf7 52.c5 Bxf4 53.Bxf4
Qxf4 54.c6 Qxh4 55.Qb7 Qf2+ 56.Kb3 Qd4 57.Qd7 Qb6+ 58.Kc4 Qa6+
59.Kc5 Qa3+ 60.Kd4 Qb2+ 61.Kc5 Qc3+ 62.Kb6 Qb3+ 63.Ka7 Qa4+ 64.Kb8
Qb5+ 65.Kc8 Qa6+ 66.Kd8 Qa8+ 67.Ke7 Qa3+ 68.Qd6 Qc1 69.c7 Qxg5+
70.Ke8 Qc1 71.Qd7 1-0

[Event "MetLife Warsaw Najdorf Chess Festival  gr. A"]
[Site "Warszawa"]
[Date "2015.07.13"]
[Round "4.38"]
[White "Hrabinska, Myroslava"]
[Black "Nowak, Lukasz"]
[Result "1-0"]
[WhiteElo "2270"]
[BlackElo "2116"]
[Annotator ""]
[Source ""]
[Remark ""]

1.e4 e6 2.d4 d5 3.Nd2 c5 4.exd5 Qxd5 5.dxc5 Qxc5 6.Ngf3 Nf6 7.Bd3
Be7 8.Qe2 Nbd7 9.O-O O-O 10.c3 b6 11.Ne4 Qc7 12.Bg5 Bb7 13.a4
Rfe8 14.a5 bxa5 15.Nxf6+ Bxf6 16.Bxf6 Nxf6 17.Qe5 Qb6 18.Nd4
Rad8 19.Bb5 Rd5 20.Qe2 Red8 21.Bc4 Rg5 22.g3 e5 23.Nc2 e4 24.Rfd1
Rc8 25.Ne3 h5 26.b3 h4 27.Rd4 Qc7 28.Rad1 Re8 29.Qd2 hxg3 30.fxg3
Rxg3+ 31.hxg3 Qxg3+ 32.Kf1 Qh3+ 33.Ke1 Ng4 34.Nxg4 Qxg4 35.Qf2
Qh5 36.Bxf7+ Qxf7 37.Qxf7+ Kxf7 38.Rd7+ Re7 39.Rxe7+ Kxe7 40.Ra1
Bd5 41.c4 1-0

[Event "MetLife Warsaw Najdorf Chess Festival  gr. A"]
[Site "Warszawa"]
[Date "2015.07.13"]
[Round "4.39"]
[White "Bus, Konrad"]
[Black "Mickiewicz, Piotr"]
[Result "0-1"]
[WhiteElo "2108"]
[BlackElo "2356"]
[Annotator ""]
[Source ""]
[Remark ""]

1.d4 Nf6 2.c4 g6 3.Nc3 Bg7 4.e4 d6 5.Nf3 O-O 6.Be2 c5 7.O-O cxd4
8.Nxd4 Nc6 9.Be3 Bd7 10.Qd2 Nxd4 11.Bxd4 Bc6 12.Bd3 a5 13.b3
Nd7 14.Bxg7 Kxg7 15.Rae1 Re8 16.Re3 e5 17.Be2 Nc5 18.Rh3 h5 19.f4
Nxe4 20.Nxe4 Bxe4 21.f5 Bxf5 22.Rxf5 gxf5 23.Rg3+ Kh7 24.Bxh5
f4 25.Rh3 Kg7 26.Qd5 Qf6 27.Bxf7 Re7 28.Qe4 Kxf7 29.Qh7+ Qg7
30.Qe4 Ke8 31.Qd5 Ra6 32.Rh5 e4 33.h4 Re5 34.Rxe5+ Qxe5 35.Qxb7
Qd4+ 36.Kh2 Ra7 37.Qc8+ Ke7 38.Qf5 f3 39.Qh7+ Kd8 40.Qh8+ Qxh8 0-1

[Event "MetLife Warsaw Najdorf Chess Festival  gr. A"]
[Site "Warszawa"]
[Date "2015.07.13"]
[Round "4.40"]
[White "Warszawski, Bartosz"]
[Black "Lach, Aleksandra"]
[Result "1-0"]
[WhiteElo "2233"]
[BlackElo "2227"]
[Annotator ""]
[Source ""]
[Remark ""]

1.e4 c5 2.Nf3 d6 3.d4 cxd4 4.Nxd4 Nf6 5.Nc3 a6 6.Be2 e5 7.Nb3
Be7 8.Bg5 Be6 9.Bxf6 Bxf6 10.Qd3 Nc6 11.O-O-O Nd4 12.Nxd4 exd4
13.Nd5 Bxd5 14.exd5 O-O 15.Bf3 Re8 16.Kb1 Qb6 17.h4 Rac8 18.Ka1
Rc5 19.Rhe1 Rec8 20.Re2 Be5 21.Bg4 Rf8 22.g3 Rxd5 23.f4 Bf6 24.c4
Rc5 25.Bf3 Qc7 26.Bd5 b5 27.b3 a5 28.g4 a4 29.g5 Bd8 30.Qxd4
axb3 31.axb3 bxc4 32.bxc4 Ra5+ 33.Kb1 Qd7 34.h5 h6 35.Rg1 hxg5
36.fxg5 Be7 37.h6 Rb8+ 38.Kc1 Bf8 39.g6 Rxd5 40.gxf7+ Qxf7 41.Qxd5
Qxd5 42.cxd5 g5 43.Re6 Kh7 44.Rf1 g4 45.Rf7+ Kg8 46.h7+ Kh8 47.Rg6
Bh6+ 48.Rxh6 g3 49.Rg6 1-0

[Event "Najdorf Memorial"]
[Site "Warsaw POL"]
[Date "2015.07.14"]
[Round "5.2"]
[White "Cheparinov, Ivan"]
[Black "Durarbayli, Vasif"]
[Result "1-0"]
[WhiteElo "2683"]
[BlackElo "2630"]
[Annotator ""]
[Source ""]
[Remark ""]

1.d4 Nf6 2.c4 e6 3.Nf3 b6 4.g3 Ba6 5.b3 Bb4+ 6.Bd2 Be7 7.Bg2
c6 8.O-O d5 9.Qc2 Nbd7 10.Rd1 Rc8 11.Bf4 Nh5 12.Bc1 Nhf6 13.Nc3
O-O 14.e4 dxc4 15.Bf4 b5 16.bxc4 bxc4 17.Rab1 Qa5 18.h3 Rfd8
19.Bd2 Qc7 20.Bf4 Qa5 21.Re1 Nf8 22.Bd2 Qc7 23.Qa4 Bb5 24.Nxb5
cxb5 25.Rxb5 c3 26.Bf4 Qd7 27.Qb3 Ng6 28.Bc1 Qc6 29.h4 h6 30.h5
Nf8 31.d5 Qe8 32.Nd4 a6 33.Rb7 Bc5 34.Nc6 Rxc6 35.dxc6 Qxc6 36.e5
Bxf2+ 37.Kxf2 Ng4+ 38.Kf1 Qc5 39.Qb6 Nh2+ 40.Ke2 Qxe5+ 41.Qe3
Qxh5+ 42.Bf3 Qf5 43.Qe4 Qa5 44.Kf2 Nd7 45.Qf4 Nxf3 46.Qxf3 f5
47.Qe3 Qxa2+ 48.Re2 Qc4 49.Qf4 Qc5+ 50.Be3 Qf8 51.Bd4 Nf6 52.Rxe6
Ne4+ 53.Rxe4 fxe4 54.Rxg7+ Qxg7 55.Bxg7 Rd2+ 56.Ke3 Kxg7 57.Kxe4
Rb2 58.Qe5+ Kg6 59.Qe6+ Kg7 60.Qd7+ Kg6 61.Qc6+ Kg7 62.Qxc3+ 1-0